000 00677nam a2200217 a 4500
001 23
003 CO-ViMGA
008 141112s2004 ck r 000 u spa d
020 _a9580415137, 9583002151, 9586154874
040 _aCO-ViMGA
_bspa
_cCO-ViMGA
082 0 4 _a862.5 G17b
100 1 _aGarcia Lorca, Federico
_94890
245 1 0 _aBodas de Sangre
260 _aSantafé de Bogotá :
_bNorma,
_c1992
300 _a124, 67 p
490 _aCara y cruz
500 _aEncuadernado con A propósito de Federico García Lorca y su obra.
590 _aEjemplares : 4 (2 Ejen 2 : Editorial Educar Cultural Recreataiva)
650 1 4 _aTEATRO ESPAÑOL
_94019
942 _2ddc
_cBK
999 _c10458
_d10458